000 01881cam a22005054i 4500
003 PE-LiUPU
005 20250731165519.0
008 150623s2003 ilu rb 000 0 eng d
020 _a0830817816
035 _a(Sirsi) i9780830817818
040 _aPE-LiUPU
_bspa
_cPE-LiUPU
_erda
049 _aPRUA
082 0 4 _a222.103
_bD26
_221
245 0 0 _aDictionary of the Old Testament :
_bpentateuch /
_cDesmond T. Alexander ed.
264 1 _aDowners Grove, Illinois :
_bInterVarsity Press,
_c2003.
300 _a954 páginas ;
_c26 centímetros.
336 _atext
_2rdacontent
337 _aunmediated
_2rdamedia
338 _avolume
_2rdacarrier
490 0 _aA Compendium of Contemporaring Biblical Scholarship
504 _aIncluye bibliografía.
505 0 _aHow to use this dictionary. Abbreviations. Transliterations. List of contributors. Dictionary articles. Maps.
526 _aSEG44
526 _aSEG26
526 _aP151
526 _aP150
526 _aP149
526 _aP146
526 _aP145
526 _aP126
526 _aP125
526 _aP92
526 _aP75
526 _aP74
526 _aP27
526 _aP15
630 _aBiblia.
_pA.T.
_pPentateuco
_vDiccionarios.
700 1 _aDesmond, T. Alexander,
_eed.
942 _2ddc
_cBOOK
949 _aRC 222.103 D26
_wDEWEY
_c1
_i51533
_d2015-11-26
_lCCODEBUL1
_mBUL
_p25.00
_q5
_r0
_sY
_tBOOK
_u2015-6-24
_xTEOLOGIA
_PP35
_0COMPRA
_o.CIRCNOTE. No olvidar cambiar la fecha de devolución!!!!!!!
_o.STAFF. Colección General
994 _aC0
_bPEPRU
596 _a1
999 _aRC 222.103 D26
_wDEWEY
_c33257
_i51533
_d33257
_e2017-6-8
_f2021-11-8
_g5
_lCCODEBUL1
_mBUL
_n1
_p25.00
_q29
_r1
_sY
_tBOOK
_u2015-6-24
_xTEOLOGIA
_PP35
_0COMPRA
_o.CIRCNOTE. No olvidar cambiar la fecha de devolución!!!!!!!
_o.STAFF. Colección Teología
980 _81
_gALBERTO SANCHEZ Responsable de Automatización